000
00239nam a2200097Ia 4500
001
1212313
005
20250827024452.0
008
250824s9999 xx 000 0 und d
245
0
_a
SARI GELİN
_c
ORHAN YENİARAS
260
_b
PANAMA YAYINLARI
999
_c
1212313
_d
1212313